The complete PC upgrade and maintenance guide / (Record no. 176236)
[ view plain ]
| 000 -LEADER | |
|---|---|
| fixed length control field | 00931 a2200217 4500 |
| 003 - CONTROL NUMBER IDENTIFIER | |
| control field | Nust |
| 005 - DATE AND TIME OF LATEST TRANSACTION | |
| control field | 20250926175241.0 |
| 010 ## - LIBRARY OF CONGRESS CONTROL NUMBER | |
| LC control number | 93087698 |
| 020 ## - INTERNATIONAL STANDARD BOOK NUMBER | |
| International Standard Book Number | 0782114989 (pbk.) : |
| 040 ## - CATALOGING SOURCE | |
| Transcribing agency | Nust |
| 082 00 - DEWEY DECIMAL CLASSIFICATION NUMBER | |
| Classification number | 621.3916,MIN |
| 100 1# - MAIN ENTRY--PERSONAL NAME | |
| Personal name | Minasi, Mark. |
| 9 (RLIN) | 57995 |
| 245 14 - TITLE STATEMENT | |
| Title | The complete PC upgrade and maintenance guide / |
| Statement of responsibility, etc. | Mark Minasi. |
| 250 ## - EDITION STATEMENT | |
| Edition statement | revised 2nd ed. |
| 260 ## - PUBLICATION, DISTRIBUTION, ETC. | |
| Place of publication, distribution, etc. | San Francisco : |
| Name of publisher, distributor, etc. | Sybex, |
| Date of publication, distribution, etc. | c1994. |
| 300 ## - PHYSICAL DESCRIPTION | |
| Extent | xxxv, 807 p. : |
| Other physical details | ill. ; |
| Dimensions | 23 cm. |
| 505 ## - FORMATTED CONTENTS NOTE | |
| Formatted contents note | Getting Started (Page-1) Disassembling the PC (Page-13) Inside the PC: Pieces of the Picture (Page-51) Avoiding Service: Preventive Maintenance (Page-117) Troubleshooting Problems: What to do When Something Goes Wrong (Page-143) Installing New Circuit Boards (Page-177) Repairs with Circuit Board and Chips (Page-227). |
| 650 #0 - SUBJECT ADDED ENTRY--TOPICAL TERM | |
| Topical term or geographic name entry element | Microcomputers |
| General subdivision | Maintenance and repair. |
| 9 (RLIN) | 36710 |
| 650 #0 - SUBJECT ADDED ENTRY--TOPICAL TERM | |
| Topical term or geographic name entry element | Microcomputers |
| General subdivision | Upgrading. |
| 9 (RLIN) | 94563 |
| 942 ## - ADDED ENTRY ELEMENTS (KOHA) | |
| Source of classification or shelving scheme | |
| Koha item type | Book |
| Withdrawn status | Lost status | Source of classification or shelving scheme | Damaged status | Not for loan | Permanent Location | Current Location | Shelving location | Date acquired | Full call number | Barcode | Date last seen | Price effective from | Koha item type | Public note |
|---|---|---|---|---|---|---|---|---|---|---|---|---|---|---|
| Military College of Signals (MCS) | Military College of Signals (MCS) | General Stacks | 12/12/2016 | 621.3916,MIN | MCS4097 | 12/08/2016 | 12/12/2016 | Book | Almirah No.84, Shelf No.4 |
